| 000 | 00640cam a22001815a 4500 | ||
|---|---|---|---|
| 001 | L156182 | ||
| 008 | 120502s1826 xxk f 000 0 eng d | ||
| 035 | _a(Sirsi) u156182 | ||
| 041 | 0 | _aeng | |
| 100 | 1 |
_aStrutt, Jacob George _d1790-1864 |
|
| 245 | 0 | 0 |
_aSylva Britannica, or, Portraits of forest trees, distinguished for their antiquity, magnitude, or beauty _bdrawn from nature and etched |
| 260 |
_aLondon _bHenry G. Bohn ... _c1826 |
||
| 300 |
_a[4], 32 p., [50] leaves of plates _bill. _c59 cm. |
||
| 583 | 0 |
_aCondition reviewed _c20120620 _lcondition level 3 |
|
| 651 | 4 |
_aGreat Britain _y1707- |
|
| 690 |
_aRural _96268 |
||
| 942 | _n0 | ||
| 999 |
_c114082 _d114082 |
||